Emanuel Konstanty Imiela [1887-1953] - organizator szkolnictwa na Śląsku
| Titel: | Emanuel Konstanty Imiela [1887-1953] - organizator szkolnictwa na Śląsku |
|---|---|
| Verfasser: | |
| In: |
Rocznik Świe̜tochłowicki, Band 6 (2004), Seite 23-40, Zsfg alle Artikel anzeigen |
| Veröffentlicht: | 2004 |
| Format: | Aufsatz |
| Sprache: | Polnisch |
X
alg: 39414511 001A $01999:12-11-16 001B $03025:30-03-26 $t18:56:55.000 001D $01999:12-11-16 001U $0utf8 001X $00 002@ $0Aox 003@ $0394145119 007A $0394145119 $aHEB 007T $0Herdk50640 010@ $apol 011@ $a2004 021A $aEmanuel Konstanty Imiela [1887-1953] - organizator szkolnictwa na Śląsku 028A $aCimała $dBogdan 031A $d6 $h23-40, Zsfg $j2004 037A $aPo 1918 r.039B $aIn $8--Abvc--. Rocznik Świe̜tochłowicki. - Świe̜tochłowice, 1999-2006. - ISSN 1641-330X $x200400000060000977 $9098562622 044K $#Dym, Karol $71081513837 $8Imiela, Emanuel Konstanty$Z1888-1953 [Tp3] $9368986004 045F $a809 $eDDC23BSB 045F/01 $a809 045F/03 $f0904 045F/03 $g4385 045T $a7,41 lok: 39414511 78 exp: 39414511 78 1 #EPN 201B/01 $018-11-16 $t10:44:41.000 201U/01 $0utf8 203@/01 $0790255626 208@/01 $a12-11-16 $be 209A/01 $a/ $f000 $x00 220C/01 $aTitelaufnehmer: pbb 220C/01 $aHerkunft: IH PAN/PBB Kraków 244Z/01 $2Trx $#Silesia $#Śląsk $#Sliezsko $#Slezsko $8--Trx--Schlesien $x01 $9391173987 244Z/01 $2Trx $#Poola $#Lenkija $#Polija $#Polen Land $#Poland $#Lengyelország $#Poľsko $#Polsko $8--Trx--Polska$gkraj $x02 $9391345966 244Z/01 $aGeschichte 1887-1953 $x03 244Z/01 $2Trx $8--Trx--Zeitschriftenaufsatz $x04 $9391384341 245Z/01 $a12.03 $x01 247C/01 $82080>Marburg/Lahn, Herder-Institut, Forschungsbibliothek, Bibliographieportal $9336309341
| LEADER | 00000caa a22000002c 4500 | ||
|---|---|---|---|
| 001 | 394145119 | ||
| 003 | DE-603 | ||
| 005 | 20260330185655.0 | ||
| 007 | tu | ||
| 008 | 161112s2004 xx |||| | u00||u|pol c | ||
| 035 | |a (DE-599)HEB394145119 | ||
| 040 | |a DE-603 |b ger |c DE-603 |d DE-603 | ||
| 041 | |a pol | ||
| 082 | 0 | 4 | |8 1\u |a 809 |q DE-101 |2 23/BSB |
| 084 | |a 7,41 |2 ssgn | ||
| 085 | |8 1\u |b 809 | ||
| 085 | |8 1\u |z 1 |s 0904 | ||
| 085 | |8 1\u |z 2 |s 4385 | ||
| 100 | 1 | |a Cimała, Bogdan | |
| 245 | 0 | 0 | |a Emanuel Konstanty Imiela [1887-1953] - organizator szkolnictwa na Śląsku |
| 264 | 0 | |c 2004 | |
| 500 | |a Po 1918 r. <pol> | ||
| 600 | 1 | 7 | |a Imiela, Emanuel Konstanty |d 1888-1953 |0 (DE-588)1081513837 |0 (DE-603)368986004 |2 gnd |
| 773 | 0 | 8 | |i In |t Rocznik Świe̜tochłowicki |d Świe̜tochłowice, 1999-2006 |x 1641-330X |g Band 6 (2004), Seite 23-40, Zsfg |w (DE-603)098562622 |w (DE-600)2048375-2 |
| 924 | 0 | |9 2080 |a (DE-603)790255626 |b DE-2080 |c HES |d d |g / | |


